| 000 | 00352 a2200133 4500 | ||
|---|---|---|---|
| 001 | 88826 | ||
| 082 | _aPR 749 | ||
| 090 |
_c41967 _d41967 |
||
| 100 | _aKhalid M Tahir | ||
| 245 | _aDirectional and lateral stability analysis of F-15 | ||
| 260 |
_aKarachi _bUniversity of Karachi _c1979 |
||
| 300 |
_a85p. _eFazal B Kauser |
||
| 500 | _aBE Project Reports | ||
| 942 |
_aCAE NUST _kPR 749 |
||
| 999 |
_c323899 _d323899 |
||